Normal view
MARC view
Entry Personal Name
001 - CONTROL NUMBER
- control field: 32358
003 - CONTROL NUMBER IDENTIFIER
- control field: ARRUPE
005 - DATE AND TIME OF LATEST TRANSACTION
- control field: 20170608140853.0
008 - FIXED-LENGTH DATA ELEMENTS
- fixed length control field: 170608|| aca||aabn | a|a d
040 ## - CATALOGING SOURCE
- Original cataloging agency: ARRUPE
- Transcribing agency: ARRUPE
100 ## - HEADING--PERSONAL NAME
- Personal name: Introduction and Additional Bibliogrpahical Notes by John Henrik Clarke
670 ## - SOURCE DATA FOUND
- Source citation: Work cat.: (ARRUPE)18383: Jackson, John G 32357, Introduction to African civilizations, 1995